Mi experiencia poética / (Record no. 21258)

MARC details
000 -LEADER
campo de control de longitud fija 00872nam a2200253 i 4500
001 - NÚMERO DE CONTROL
campo de control 21258
003 - IDENTIFICADOR DE NÚMERO DE CONTROL
campo de control ES-MaACL
005 - FECHA Y HORA DE LA ÚLTIMA TRANSACCIÓN
campo de control 20230906152439.0
007 - CAMPO FIJO DE DESCRIPCIÓN FÍSICA--INFORMACIÓN GENERAL
campo de control de longitud fija t|
008 - DATOS DE LONGITUD FIJA--INFORMACIÓN GENERAL
campo de control de longitud fija 021122s1986 sp ||||1| spa d
020 ## - NÚMERO INTERNACIONAL ESTÁNDAR DEL LIBRO
Número Internacional Estándar del Libro 84-86514-02-9
080 ## - NÚMERO DE LA CLASIFICACIÓN DECIMAL UNIVERSAL
Número de la Clasificación Decimal Universal 892.7(567) Bayati, Abd-al-Wahhab 1.06
100 1# - ENTRADA PRINCIPAL--NOMBRE DE PERSONA
Nombre de persona Al-Bayati, Abd al-Wahhab.
9 (RLIN) 19045
245 10 - MENCIÓN DEL TÍTULO
Título Mi experiencia poética /
Mención de responsabilidad, etc. Abdel-Wahhab al-Bayati ; prólogo de Pedro Martínez Montávez ; traducción de Carmen Ruiz Bravo.
260 ## - PUBLICACIÓN, DISTRIBUCIÓN, ETC.
Lugar de publicación, distribución, etc. Madrid :
Nombre del editor, distribuidor, etc. CantArabia,
Fecha de publicación, distribución, etc. 1986.
300 ## - DESCRIPCIÓN FÍSICA
Extensión 156 p. ;
Dimensiones 19 cm.
490 1# - MENCIÓN DE SERIE
Mención de serie Los mil y un textos ;
Designación de volumen o secuencia 2
600 14 - PUNTO DE ACCESO ADICIONAL DE MATERIA--NOMBRE DE PERSONA
Nombre de persona Al-Bayati, Abd al-Wahhab.
9 (RLIN) 19045
700 1# - ENTRADA AGREGADA--NOMBRE PERSONAL
Nombre de persona Ruiz Bravo-Villasante, Carmen,
Fechas asociadas al nombre 1947-
9 (RLIN) 100675
700 1# - ENTRADA AGREGADA--NOMBRE PERSONAL
Nombre de persona Martínez Montávez, Pedro.
9 (RLIN) 78252
830 1# - PUNTO DE ACCESO ADICIONAL DE SERIE-TÍTULO UNIFORME
Título uniforme Los mil y un textos ;
Designación de volumen o secuencia 2
9 (RLIN) 180755
852 4# - LOCALIZACIÓN
Ubicación ES-MaACL
Número de control de estantería L-11737
Holdings
Estatus retirado Estado de pérdida Estado de daño No para préstamo Biblioteca de origen Biblioteca actual Ubicación en estantería Fecha de adquisición Fuente de adquisición Total de préstamos Signatura topográfica completa Código de barras Visto por última vez Precio de reemplazo Tipo de ítem Koha
        Biblioteca del Ateneo de Madrid Biblioteca del Ateneo de Madrid Depósito 2 17/01/2008     L-11737 1021838 23/02/2023 23/02/2023 Libro impreso